000 00861nam a2200205 i 4500
001 90688
003 ES-MaACL
005 20250905165037.0
007 t|
008 050124s1842 fr ||||1| fre d
100 1 _aLeibniz, Gottfried Wilhelm
_cFreiherr von.
_971367
245 1 0 _aOeuvres de Leibniz /
_cnouvelle édition collationnée sur les meilleurs textes et précédée d'une introduction par A. Jacques.
260 _aParis :
_bCharpentier,
_c1842 (
_fBerthume et Plon)
300 _a2 v. ;
_c18 cm.
505 8 _aContiene: I. Nouveaux essais sur l'entendement. Opuscules divers -- II. Essais de théodicée. Monadologie. Lettres entre Leibniz et Clarke
700 1 _aJacques, Amédée (
_d1813-1865)
_9149345
700 1 _aClarke, Samuel,
_d1675-1729
_9149346
852 _aES-MaACL
_jD-2712-13
_z.- Legado M. de la Fuente
999 _c90688
_d90688